000 00604nam a2200229Ia 4500
003 OSt
005 20221007063156.0
006 a|||||r|||| 00| 0
007 ta
008 221006b |||||||| |||| 00| 0 eng d
024 _a21,815
037 _cTextual
040 _aFLL
_cFLL
_beng
041 _2eng
_aeng
082 _aZ2,985, M9
100 _aAiyar Au.
_9683889
245 0 _aLaw relating to the negotiable instruments act
260 _aBombay
_bN.M.Tripathi India
_c1989
300 _a367p
_ccm.
942 _hZ2,985, M9
_cTEXL
_2CC
999 _c1130592
_d1130592